| 000 | 00667nam a22002297a 4500 | ||
|---|---|---|---|
| 003 | DO-SdBNP | ||
| 005 | 20180214155340.0 | ||
| 008 | 161205b 2005 sp a 00| 0 spa d | ||
| 020 | _a9788496412774 | ||
| 040 |
_aBPMSU _bspa _cBPMSU |
||
| 082 | 4 |
_axxxx _bxxxx |
|
| 100 | 1 | _aWilde, Oscar | |
| 245 | 1 | 3 |
_aEl príncipe feliz / _cOscar Wilde ; ilustración Gerardo Baró |
| 260 |
_aMadrid : _bDiario El País, _c2005. |
||
| 300 |
_a45 p. : _bil., _c20 cm. |
||
| 490 | 1 |
_aCuentos infantiles _v22 |
|
| 700 | 1 |
_aBaró, Gerardo, _eil. |
|
| 830 | 0 |
_aCuentos infantiles _n22 |
|
| 942 |
_2ddc _cBK |
||
| 945 | _aInventariado, 2018 / BT | ||
| 956 |
_aBTAVÁREZ _b10 _d20160512 _fBPMSU _h0038 |
||
| 999 |
_c12286 _d12286 |
||